La sociología del cuerpo
Gespeichert in:
| 1. Verfasser: | |
|---|---|
| Format: | Buch |
| Sprache: | Spanisch |
| Veröffentlicht: |
Madrid, España.
Siruela,
2018
|
| Schriftenreihe: | Biblioteca de Ensayo 99, Serie Mayor
|
| Schlagworte: | |
| Tags: |
Tag hinzufügen
Keine Tags, Fügen Sie den ersten Tag hinzu!
|
MARC
| LEADER | 00000cam a2200000 a 4500 | ||
|---|---|---|---|
| 001 | UCC9826 | ||
| 003 | CL-VaPUC | ||
| 005 | 20240124145841.0 | ||
| 008 | 191117e20180000sp spa d | ||
| 999 | |c 167716 |d 167714 | ||
| 020 | |a 9788417454531 | ||
| 040 | |c Pontificia Universidad Católica de Valparaíso | ||
| 082 | 0 | 4 | |a 301 LEB 2018 |2 21 |
| 100 | |a Le Breton, David |e author |9 222303 | ||
| 245 | 1 | 3 | |a La sociología del cuerpo |
| 260 | |a Madrid, España. |b Siruela, |c 2018 | ||
| 300 | |a 152 páginas | ||
| 490 | 0 | |a Biblioteca de Ensayo 99, Serie Mayor | |
| 583 | |a last modification |c 20191117 22:03:00 |k cmena | ||
| 650 | 0 | 0 | |a Naturaleza humana |9 308593 |
| 650 | 0 | 0 | |a Antropología social |9 306264 |
| 650 | 0 | 0 | |a Cuerpo humano |9 257169 |
| 942 | |c BK |2 ddc | ||
| 945 | |a cmena |d 20191117 22:03:00 | ||
| 952 | |0 0 |1 0 |2 ddc |3 erb |4 0 |6 301_000000000000000_LEB_2018 |7 0 |8 A |9 495441 |a BIBGIM |b BIBGIM |d 2019-10-10 |e 11 |g 22000.00 |i 5563917 |l 5 |m 3 |o 301 LEB 2018 |p 5563917 |r 2025-01-15 |s 2024-07-05 |t 5 |w 2020-01-06 |y BK |z Catalogado en:20191117 |k SSL | ||
| 952 | |0 0 |1 0 |2 ddc |3 erb |4 0 |6 301_000000000000000_LEB_2018 |7 0 |8 A |9 495442 |a BIBGIM |b BIBGIM |d 2019-10-10 |e 11 |g 22000.00 |i 5563909 |l 1 |m 3 |o 301 LEB 2018 |p 5563909 |r 2025-01-15 |s 2023-09-22 |t 4 |w 2020-01-06 |y BK |z Catalogado en:20191117 |k SSL | ||
| 952 | |0 0 |1 0 |2 ddc |3 erb |4 0 |6 301_000000000000000_LEB_2018 |7 0 |8 A |9 495443 |a BIBGIM |b BIBGIM |d 2019-10-10 |e 11 |g 22000.00 |i 5563895 |l 2 |o 301 LEB 2018 |p 5563895 |r 2025-01-15 |s 2023-10-03 |t 3 |w 2020-01-06 |y BK |z Catalogado en:20191117 |k SSL | ||
| 952 | |0 0 |1 0 |2 ddc |3 erb |4 0 |6 301_000000000000000_LEB_2018 |7 0 |8 A |9 495444 |a BIBGIM |b BIBGIM |d 2019-10-10 |e 11 |g 22000.00 |i 5563887 |l 1 |m 1 |o 301 LEB 2018 |p 5563887 |r 2024-01-16 |s 2023-09-13 |t 2 |w 2020-01-06 |y BK |z Catalogado en:20191117 |k SSL | ||
| 952 | |0 0 |1 0 |2 ddc |3 erb |4 0 |6 301_000000000000000_LEB_2018 |7 0 |8 A |9 495445 |a BIBGIM |b BIBGIM |d 2019-10-10 |e 11 |g 22000.00 |i 5563879 |l 2 |m 2 |o 301 LEB 2018 |p 5563879 |q 2025-05-12 |r 2025-04-22 |s 2025-04-22 |t 1 |w 2020-01-06 |y BK |z Catalogado en:20191117 |k SSL | ||